| 000 | 00526nam a2200193Ia 4500 | ||
|---|---|---|---|
| 003 | GCL | ||
| 008 | 140319s9999 xx 000 0 ara d | ||
| 040 |
_aGCL / _cGCL |
||
| 082 | 0 | 4 |
_a818.03 _bح س |
| 100 | 1 | _aحسين فوزى | |
| 245 | 1 | 0 |
_aسندباد الى الغرب / _cحسين فوزى |
| 260 |
_a[S.N] : _bدار المعارف ، _c1983 |
||
| 300 | _a294 ص | ||
| 490 | _a | ||
| 650 | 0 | 4 | _aالادب العربى |
| 650 | 0 | 4 | _aالمذكرات |
| 650 | 0 | 4 | _aالتراجم الذاتية |
| 942 |
_2ddc _cBK |
||
| 999 |
_c28008 _d28008 |
||